| 000 | 01044nam a2200289 i 4500 | ||
|---|---|---|---|
| 003 | EG-GICUC | ||
| 005 | 20260505105101.0 | ||
| 008 | 260406s1864 fr ||||f |||| 00| 0 fre d | ||
| 040 |
_aEG-GiCUC _bfre _cEG-GiCUC _dEG-GiCUC _eRda |
||
| 041 | _afre | ||
| 082 | 0 | 4 |
_221 _a343 _bMA . A |
| 092 | 0 | 4 | _221 |
| 099 | _aLaw1 10 343 MA . A 1864 | ||
| 100 | 1 |
_aMarsangy, Bonneville _eAuteur |
|
| 245 | 1 | 5 |
_aDe L’Amélioration De La Loi Criminelle : _bEn Vue D’Une Justice Plus Prompte, Plus Efficace, Plus Généreuse Et Plus Moralisante _nDexiéme Partie / _cBonneville De Marsangy . |
| 264 | 1 |
_aParis : _bCotillon , _bCosse & Marchal , _c1864 . |
|
| 300 |
_a732 page ; _c 24 cm. _billustration ; |
||
| 336 |
_2rda contenu _a texte |
||
| 337 |
_2rda medias _aOrdinateur |
||
| 338 |
_2 transporteur rda _a Ressource en ligne |
||
| 504 | _aBibliography: pages 200-250. 240-220 | ||
| 650 | 1 |
_aDroit De Pénal _2qrmak |
|
| 651 | 1 | _2qrmak | |
| 856 | 4 | 0 | _uhttps://fll.law.cu.edu.eg/fulltext/bks/B10-09067.pdf |
| 905 | _a54 | ||
| 942 |
_2ddc _cBK _e21 _n0 |
||
| 999 |
_c69354 _d69354 |
||